000
00268nam a2200109Ia 4500
008
190723s9999 xx 000 0 und d
100
_a
Azmat Wali (Alig)
245
0
_a
Conspiracy Against Pakistan
260
_a
Karachi
_b
Royal Book
_c
1990
300
_a
367
942
_c
BK
999
_c
1256
_d
1256